Entrenamiento y práctica deportiva escolar

Guardat en:
Dades bibliogràfiques
Autors principals: Rusch, Horst (Autor), Weineck, Jürgen (Autor)
Format: Llibre
Idioma:espanyol
Publicat: Barcelona Paidotribo 2004
Matèries:
Etiquetes: Afegir etiqueta
Sense etiquetes, Sigues el primer a etiquetar aquest registre!

MARC

LEADER 00000nam a2200000 a 4500
001 UCL8638
003 CL-VaPUC
008 040702e20040000SP |||||||||||||||||spa|d
020 |a 8480197447 
082 0 4 |a 372.86  |b RUS  |2 21 
100 0 |a Rusch, Horst  |e author  |9 254808 
700 0 |a Weineck, Jürgen  |e author  |9 486572 
245 1 0 |a Entrenamiento y práctica deportiva escolar 
300 |a 423 p 
942 |c BK 
945 |d 20040702 00:00:00  |a cmena 
260 |a Barcelona  |b Paidotribo  |c 2004 
650 0 |a Educación física  |9 240893 
650 0 |a Educación básica   |9 224933 
650 0 |a Aptitud motora   |x Niños  |9 307455 
650 0 |a Métodos de enseñanza  |9 270413 
583 |a last modification  |c 20040702 00:00:00  |k Rodrigo Vera 
999 |c 309838  |d 309836 
952 |0 0  |1 0  |4 0  |6 372_860000000000000_RUS_2004  |7 0  |8 A  |9 377607  |a BIBEDU  |b BIBEDU  |d 2019-11-21  |i 4030877  |o 372.86 RUS 2004  |p 4030877  |r 2019-11-21  |w 2019-11-21  |y BK  |k EFI